[Event "Enniscrone Sligo-ch"]
[Site "Enniscrone"]
[Date "2024.02.04"]
[Round "5"]
[White "Arun, Rahul"]
[Black "Mcnamara, John J"]
[Result "0-1"]
[WhiteElo "1529"]
[BlackElo "1373"]
[PlyCount "98"]
[EventDate "2024.02.02"]
[EventType "swiss"]
[EventRounds "5"]
[EventCountry "IRL"]
[SourceTitle "CB08_2024"]
[SourceDate "2024.02.21"]
[SourceVersion "1"]
[SourceVersionDate "2024.02.21"]
[SourceQuality "1"]

1. d4 c6 2. c4 d5 3. Nc3 Nf6 4. Nf3 Bg4 5. Ne5 e6 6. Bg5 Bf5 7. Qb3 Qc7 8. Rc1 Nbd7 9. cxd5 cxd5 10. Nxd5 Qa5+ 11. Nc3 Nxe5 12. dxe5 Nd7 13. e4 Bxe4 14. Bc4 Qxe5 15. Nxe4 Qxe4+ 16. Be3 Bc5 17. 0-0 Bxe3 18. fxe3 0-0 19. Rf4 Qc6 20. Rd1 Ne5 21. Bb5 Qb6 22. Rb4 a5 23. Re4 Nc6 24. Rd3 Nb4 25. Ba4 Rfc8 26. Rc3 Rxc3 27. bxc3 Nd5 28. c4 Qxb3 29. Bxb3 Nc3 30. Re5 a4 31. Bc2 Nxa2 32. Rc5 g6 33. Rb5 Nc3 34. Rxb7 a3 35. Bb1 Nxb1 36. Rxb1 a2 37. Ra1 Kg7 38. Kf2 Kf6 39. Ke2 Ra3 40. Kf3 Ke5 41. g4 Kd6 42. Ke4 Kc5 43. h4 Kxc4 44. h5 gxh5 45. gxh5 f6 46. h6 Kb3 47. Rxa2 Rxa2 48. Kd4 Rh2 49. Ke4 Rxh6 0-1